000 00805cam a22002533a 4500
001 9079
003 PGUSA
005 20140828083208.0
008 051001s2005||||xxu|||||s|||||000 | eng d
040 _aPGUSA
_beng
042 _adc
050 4 _aPR
100 1 _aHarris, Frank,
_d1856-1931
245 1 4 _aThe Man Shakespeare and His Tragic Life Story
_h[electronic resource] /
_cFrank Harris
260 _bProject Gutenberg,
_c2005
506 _aPublic domain in the USA.
516 _aElectronic text
653 _aDramatists, English -- Early modern, 1500-1700 -- Biography
653 _aStratford-upon-Avon (England) -- Biography
653 _aShakespeare, William, 1564-1616 -- Biography
830 0 _aProject Gutenberg
_v9079
856 4 0 _uhttp://www.gutenberg.org/ebooks/9079
942 _cEB
999 _c238363
_d238363